<?xml version="1.0" encoding="UTF-8"?>
<record
    xmlns:xsi="http://www.w3.org/2001/XMLSchema-instance"
    xsi:schemaLocation="http://www.loc.gov/MARC21/slim http://www.loc.gov/standards/marcxml/schema/MARC21slim.xsd"
    xmlns="http://www.loc.gov/MARC21/slim">

  <leader>01483nam a22002297a 4500</leader>
  <controlfield tag="005">20211012165255.0</controlfield>
  <controlfield tag="008">211012b           ||||| |||| 00| 0 eng d</controlfield>
  <datafield tag="020" ind1=" " ind2=" ">
    <subfield code="a">9789391234065</subfield>
  </datafield>
  <datafield tag="040" ind1=" " ind2=" ">
    <subfield code="c">AL</subfield>
  </datafield>
  <datafield tag="041" ind1=" " ind2=" ">
    <subfield code="a">eng</subfield>
  </datafield>
  <datafield tag="082" ind1=" " ind2=" ">
    <subfield code="2">23</subfield>
    <subfield code="a">823.92</subfield>
    <subfield code="b">DHAG</subfield>
  </datafield>
  <datafield tag="100" ind1=" " ind2=" ">
    <subfield code="a">Abhirup Dhar</subfield>
    <subfield code="9">1278</subfield>
  </datafield>
  <datafield tag="245" ind1=" " ind2=" ">
    <subfield code="a">Ghost Hunter Gaurav Tiwari</subfield>
    <subfield code="b">The life and legacy of Indias foremost Paranormal Investigator</subfield>
  </datafield>
  <datafield tag="260" ind1=" " ind2=" ">
    <subfield code="a">Chennai</subfield>
    <subfield code="b">Westland Publications Private Limited</subfield>
    <subfield code="c">2021</subfield>
  </datafield>
  <datafield tag="300" ind1=" " ind2=" ">
    <subfield code="a">xxxi,240 p.</subfield>
    <subfield code="b">PB</subfield>
    <subfield code="c">19x13 cm.</subfield>
  </datafield>
  <datafield tag="365" ind1=" " ind2=" ">
    <subfield code="a">BLCR-000065</subfield>
    <subfield code="b">&#x20B9;280.00</subfield>
    <subfield code="c">&#x20B9;</subfield>
    <subfield code="d">&#x20B9;350.00</subfield>
    <subfield code="e">20%</subfield>
    <subfield code="f">05-10-2021</subfield>
  </datafield>
  <datafield tag="520" ind1=" " ind2=" ">
    <subfield code="b">Shocked by the mysterious death of Gaurav Tiwari at the age of thirty-two, acclaimed horror writer Abhirup Dhar contacted the team at Indian Paranormal Society, founded by the late paranormal investigator, to understand his life and work. This book is the result of the intense conversations that followed. As the IPS team related some of the most spine-chilling cases they&#x2019;d investigated, Abhirup learnt more about Gaurav. And the paranormal. From a parking lot haunted by the ghosts of young children, to Lambi Dehar, filled with the tortured souls of the thousands who&#x2019;d died there; from the unhappy spirits in Mukesh Mills to phantoms in the labyrinths of a court&#x2014;Gaurav and the IPS team investigated the most haunted places in India.</subfield>
  </datafield>
  <datafield tag="650" ind1=" " ind2=" ">
    <subfield code="a">Indian Paranormal Society</subfield>
    <subfield code="9">1279</subfield>
  </datafield>
  <datafield tag="650" ind1=" " ind2=" ">
    <subfield code="a">Paranormal Investigator</subfield>
    <subfield code="9">1280</subfield>
  </datafield>
  <datafield tag="700" ind1=" " ind2=" ">
    <subfield code="a">DHAR (Abhirup)</subfield>
    <subfield code="9">1281</subfield>
  </datafield>
  <datafield tag="942" ind1=" " ind2=" ">
    <subfield code="2">ddc</subfield>
    <subfield code="c">BK</subfield>
  </datafield>
  <datafield tag="999" ind1=" " ind2=" ">
    <subfield code="c">216597</subfield>
    <subfield code="d">216597</subfield>
  </datafield>
  <datafield tag="952" ind1=" " ind2=" ">
    <subfield code="0">0</subfield>
    <subfield code="1">0</subfield>
    <subfield code="2">ddc</subfield>
    <subfield code="4">0</subfield>
    <subfield code="7">0</subfield>
    <subfield code="8">ENG</subfield>
    <subfield code="a">AL</subfield>
    <subfield code="b">AL</subfield>
    <subfield code="d">2021-10-08</subfield>
    <subfield code="e">Navakarnataka Publications Pvt.Ltd.</subfield>
    <subfield code="g">280.00</subfield>
    <subfield code="l">10</subfield>
    <subfield code="m">2</subfield>
    <subfield code="o">823.92 DHAG</subfield>
    <subfield code="p">075000</subfield>
    <subfield code="r">2026-04-13 08:38:01</subfield>
    <subfield code="s">2026-04-02</subfield>
    <subfield code="v">350.00</subfield>
    <subfield code="w">2021-10-12</subfield>
    <subfield code="y">BK</subfield>
  </datafield>
</record>
